000 00763nam a22002297a 4500
003 UA-OsUOA
001 50704
007 ta
008 20140625b un ||||| |||| 00| 0 ukr d
090 _a930.1
_bУ45
942 _cBK
040 _aUA-OsUOA
_bukr
_cUA-OsUOA
_dUA-OsUOA
245 _aУкраїнські історики ХХ століття. Біобібліографічний довідник
_bВип.2; Ч.2
300 _a383 с.
955 _a1
041 _aukr
080 _a930.1
260 _aК.
_c2004
650 7 _a930 Історична наука. Допоміжні історичні дисципліни
_2UDC
999 _c430838
_d430838